"A" Countries - World Map Sudden Death - Statistics

General Stats
  • This quiz has been taken 1,398 times
  • The average score is 10 of 12
Answers on the Grid
Answers color-coded by a green-red scale on the quiz's grid according to % correct below.
 
Answer Stats
Answer % Correct
Andorra, Austria, Algeria, Albania
95%
Armania, Afghanistan, Azerbaijan
91%
Australia
87%
Argentina
86%
Australia
86%
Australia
86%
Australia
85%
Argentina
84%
Antigua and Barbuda
80%
Angola
80%
Algeria, Angola
75%
Afghanistan
59%
No matching quizzes found
Score Distribution
Percent of People with Each Score
Percentile by Number Answered
Your Score History
You have not taken this quiz